Nghiên cứu các yếu tố ảnh hưởng đến hành vi sử dụng dịch vụ Mobile banking của khách hàng cá nhân tại ngân hàng thương mại cổ phần Đông Nam Á chi nhánh Cần Thơ : Luận văn Thạc sĩ Kinh tế. Chuyên ngành Quản trị kinh doanh

Phân tích thực trạng hoạt động kinh doanh và các yếu tố ảnh hưởng đến hành vi sử dụng dịch vụ Mobile banking của khách hàng cá nhân.

Na minha lista:
Detalhes bibliográficos
Autor principal: Trần, Mỹ Quyên
Formato: Livro
Idioma:Undetermined
Publicado em: Cần Thơ Trường Đại học Cần Thơ 2017
Assuntos:
Tags: Adicionar Tag
Sem tags, seja o primeiro a adicionar uma tag!
Thư viện lưu trữ: Trung tâm Học liệu Trường Đại học Cần Thơ
LEADER 01130nam a2200205Ia 4500
001 CTU_224189
008 210402s9999 xx 000 0 und d
082 |a 658.8342 
082 |b Qu603 
088 |a 60340102 
100 |a Trần, Mỹ Quyên 
245 0 |a Nghiên cứu các yếu tố ảnh hưởng đến hành vi sử dụng dịch vụ Mobile banking của khách hàng cá nhân tại ngân hàng thương mại cổ phần Đông Nam Á chi nhánh Cần Thơ : 
245 0 |b Luận văn Thạc sĩ Kinh tế. Chuyên ngành Quản trị kinh doanh 
245 0 |c Trần Mỹ Quyên ; Lê Tấn Nghiêm (Cán bộ hướng dẫn) 
260 |a Cần Thơ 
260 |b Trường Đại học Cần Thơ 
260 |c 2017 
520 |a Phân tích thực trạng hoạt động kinh doanh và các yếu tố ảnh hưởng đến hành vi sử dụng dịch vụ Mobile banking của khách hàng cá nhân. 
650 |a Hành vi tiêu dùng,Consumer behavior 
980 |a Trung tâm Học liệu Trường Đại học Cần Thơ